Getting to the core of literacy for history/social studies, science, and technical subjects grades 6-12
Kaydedildi:
| Yazar: | |
|---|---|
| Materyal Türü: | Kitap |
| Dil: | İngilizce |
| Baskı/Yayın Bilgisi: |
CORWIN Press
2013
|
| Etiketler: |
Etiketle
Etiket eklenmemiş, İlk siz ekleyin!
|
MARC
| LEADER | 00000nam a22000007a 4500 | ||
|---|---|---|---|
| 008 | 201222b ||||| |||| 00| 0 eng d | ||
| 020 | |a 978-1-4522-5544-6 | ||
| 100 | |a GIOUROUKAKIS, Vicky |a Connolly, Maureen | ||
| 245 | |a Getting to the core of literacy for history/social studies, science, and technical subjects |b grades 6-12 |c Vicky Giouroukakis, Maureen Connolly |g x, 253p., ill. | ||
| 260 | |b CORWIN Press |c 2013 |h Thousand Oaks, California |i 692583 |i 683890 |l H62 .H18 |m Social sciences – Research |m Policy science | ||
| 500 | |a “It includes bibliographical references and index" | ||
| 942 | |a lcc |c BK |e O.A.JOHNSON |f 22/12/20 | ||
| 952 | |0 0 |1 0 |2 lcc |4 0 |6 H0062 H18 |7 0 |9 1152 |a HOL |b ED |c LP |d 2020-12-22 |l 0 |o H62 .H18 |p 2020-230359 |r 2020-12-22 00:00:00 |w 2020-12-22 |y BK | ||
| 952 | |0 0 |1 0 |2 lcc |4 0 |6 H0062 H18 |7 0 |9 1153 |a HOL |b HOL |c LP |d 2020-12-22 |l 0 |o H62 .H18 |p 2020-230360 |r 2020-12-22 00:00:00 |w 2020-12-22 |y BK | ||
| 999 | |c 602 |d 602 | ||